6-Letter Words Without First or Last Letters Quiz Stats

 Plays Quiz Updated Jun 14, 2017

Support Sporcle.
Go Orange.
Score 0/50 Timer 08:00
1 Play Today
Hint Answer % Correct
_ A L A D _SALADS
91.3%
_ H I N G _THINGS
89.2%
_ O U R T _COURTS
88.1%
_ N C O R _ENCORE
85.4%
_ P T I C _OPTICS
84.9%
_ F F O R _EFFORT
84.1%
_ E C R E _SECRET
83.8%
_ F F O R _AFFORD
83.5%
_ A R I F _TARIFF
83.2%
_ L I E N _ALIENS
82.1%
_ H R A S _THRASH
78.1%
_ E L U G _DELUGE
76.9%
_ H O U L _GHOULS
75.3%
_ U D I T _AUDITS
75%
_ N L I N _ONLINE
74.9%
_ E P E N _DEPEND
72.6%
_ H O U L _SHOULD
72.5%
_ Q U I N _SQUINT
70.5%
_ R I N C _PRINCE
68.4%
_ E G E N _REGENT
67%
_ O U G A _COUGAR
65.3%
_ L I V E _OLIVES
62.7%
_ E G E N _LEGEND
62.7%
_ R I G I _FRIGID
62.6%
_ U N I O _BUNION
62.5%
Hint Answer % Correct
_ Q U I N _EQUINE
62.1%
_ E P E N _REPENT
61.6%
_ N D E A _ENDEAR
59.2%
_ L E V E _CLEVER
58.9%
_ A L A D _MALADY
58.3%
_ O U G A _NOUGAT
58.1%
_ L I V E _SLIVER
54.3%
_ U B U R _SUBURB
53.9%
_ E L U G _BELUGA
53.7%
_ R I G I _ORIGIN
51.3%
_ L E V E _ELEVEN
50.3%
_ L I E N _CLIENT
48.2%
_ P T I C _UPTICK
45.2%
_ R I N C _GRINCH
45%
_ E C R E _DECREE
44.2%
_ H R A S _PHRASE
41.2%
_ N D E A _UNDEAD
41.1%
_ O U R T _FOURTH
39%
_ U B U R _AUBURN
38.8%
_ N L I N _UNLINK
38.2%
_ U N I O _JUNIOR
35.3%
_ H I N G _WHINGE
32.9%
_ N C O R _UNCORK
27.3%
_ U D I T _NUDITY
26.4%
_ A R I F _RARIFY
17.5%

You're not logged in!

Compare scores with friends on all Sporcle quizzes.
OR
Log In
Forgot?

From the Vault

Colors by Any Word

by teedslaststand

The Web can be a very colorful place.
Remove Ads.
Support Sporcle.
Get the best of Sporcle when you Go Orange. This ad-free experience offers more features, more stats, and more fun while also helping to support Sporcle. Thank you for becoming a member.

Show Comments

Extras

Top Quizzes Today


Score Distribution

Your Account Isn't Verified!

In order to create a playlist on Sporcle, you need to verify the email address you used during registration. Go to your Sporcle Settings to finish the process.

Report this User

Report this user for behavior that violates our Community Guidelines.

Details: